| 000 | 00400nam a22001457a 4500 | ||
|---|---|---|---|
| 003 | MACL | ||
| 005 | 20191123163657.0 | ||
| 008 | 191123b xxu||||| |||| 00| 0 eng d | ||
| 040 | _cMACL | ||
| 100 |
_aDale, Stephen Frederic _93676 |
||
| 245 | _aBabur : Timurid Prince and Mughal Emperor, 1483 -1530 | ||
| 260 |
_aNew Delhi _bCombrige Unversity _c2018 |
||
| 650 |
_aHistory _977258 |
||
| 942 |
_2ddc _cBK |
||
| 999 |
_c61389 _d61389 |
||